000 01098nam a2200205Ia 4500
003 Ost
005 20260507075150.0
008 260507s9999||||xx |||||||||||||| ||und||
040 _cfsecg
041 _aara
082 _a330
100 _aالهيتي، صبري فارس
_eمؤلف
245 0 _aالتخطيط الحضري /
_c صبري فارس الهيتي
260 _aعمان:
_bدار اليازوري,
_c2009
300 _a319 صفحة؛
_bإيضاحات ؛
_c24 سم
520 _aالمنظومة الحضرية ، التخطيط الحضري للمستقرات المدنية ، أنظمة خطط المدن ، التخطيط الحضري للوظيفة السكنية ، الوظيفة التجارية ، الوظيفة الصناعية ، التخطيط للنقل داخل المدن ، التخطيط الحظري للوظيفتين الترفيهية و السياحية ، التخطيط للحفاظ على التراث العمراني الحضري ةو إعادة تأهيله
653 _aالتخطيط
653 _aالتخطيط الحضري
942 _cكتاب
999 _c43335
_d43335